MDQL
is popping MORE tags! Check the
thread
!
Quizzes
Events
Quiz Creation
Community
Videos
Private Events
Remove Ads
Sign In
Join for FREE
Feedback
Dark Mode
Quiz Categories
Sports
Geography
Music
Movies
Television
Just For Fun
Miscellaneous
History
Literature
Language
Science
Gaming
Entertainment
Religion
Holiday
For Kids
Quiz Lab
Recent
Popular Today
Quiz Kudos Today
Editor Picks
Curator Picks
Quizzes by...
Day
Popularity
Type
Ratings
Length
Year
Community
Subscriptions
Recent Discussions
Orange Saloon
Badges
Playlists
Quests
Create
Leaderboards
Showdown
Live 5
Trivia Bingo
Activity
Puzzle Library
Sporcle Events
Private Events
Virtual Trivia
Globe League
Become a Host
Pub Owners
SporcleCon
Opinionation
Our Games
Videos
Blog
Mobile Apps
Partnerships
Remove Ads and Go Orange
Feedback
Just For Fun
Clickable
Get the Picture
Humor
Quick Pick
Word Ladder
Missing Word
Mixed Word
Blitz
Minefield
This or That
Alphabet
Color
Typing
Sporcle
Puzzle
Word Play
Follow That Line
Logic
Just For Fun
Clickable
Get the Picture
Humor
Quick Pick
Word Ladder
Missing Word
Mixed Word
Blitz
Minefield
This or That
Alphabet
Color
Typing
Sporcle
Puzzle
Word Play
Follow That Line
Logic
Random Quiz
Search Sporcle
×
Quiz Lab
Quiz Lab
Just For Fun
Movie Titles
Click on answers out of a set of options
Click on answers out of a set of options
Multiple Choice
Best Score? Go Orange.
Whose Sporcle Is It Anyway? Stats
Can you guess the line?
By
marmagold
10m
24 Questions
48 Plays
48 Plays
48 Plays
Comments
Comments
Give Quiz Kudos
Give Quiz Kudos
-
- Ratings
hide this ad
Forced Order
Questions have to be entered in order without skipping
Questions have to be entered in order without skipping
Random Order
Randomize order of answers
Randomize order of answers
Replay
Link that replays current quiz
Next Quiz
Link to next quiz in quiz playlist
You Got
0%
They Got
Avg Score
9%
Avg Friend Score
Upgrade to see
Score Distribution
Jump to the score distribution portion of the page
Score
0/24
Timer
10:00
0
Plays Today
Question
Answer
Wrong Answers
Inappropriate conversations to bring up in front of the president.
???
22.9%
???
2.1%
???
2.1%
???
0%
Things to say when you're singing a song and you forget the rest of the lyrics.
???
18.8%
???
8.3%
???
2.1%
???
0%
Roses are red, violets are blue...
???
18.8%
???
0%
???
8.3%
???
6.3%
Things you can say about your job but not your girlfriend.
???
18.8%
???
2.1%
???
2.1%
???
0%
Things to say about your TV but not your girlfriend.
???
14.6%
???
6.3%
???
0%
???
2.1%
Worst film director ever...
???
14.6%
???
6.3%
???
2.1%
???
2.1%
Things to say about your pet but not your girlfriend.
???
12.5%
???
4.2%
???
8.3%
???
6.3%
What would you not expect to hear if you get a call from someone you don't know?
???
12.5%
???
2.1%
???
8.3%
???
6.3%
Describe your life in just 4 words.
???
8.3%
???
4.2%
???
8.3%
???
4.2%
Things you can say about your trash but not your girlfriend.
???
8.3%
???
8.3%
???
2.1%
???
4.2%
Things you can't say in a job interview.
???
8.3%
???
18.8%
???
2.1%
???
2.1%
What would you find in a fortune cookie?
???
8.3%
???
8.3%
???
6.3%
???
2.1%
Where can you find Waldo?
???
8.3%
???
8.3%
???
2.1%
???
6.3%
Weirdest things to say when you're hypnotizing something.
???
8.3%
???
8.3%
???
6.3%
???
6.3%
Honest product slogans.
???
6.3%
???
6.3%
???
0%
???
8.3%
Waking up in the future.
???
6.3%
???
4.2%
???
6.3%
???
8.3%
Things you can say about your bike but not your girlfriend.
???
4.2%
???
4.2%
???
8.3%
???
2.1%
Things to say about your house but not your girlfriend.
???
4.2%
???
6.3%
???
6.3%
???
2.1%
Worst motivational quote ever...
???
4.2%
???
4.2%
???
8.3%
???
10.4%
Describe teenagers in just 4 words...
???
4.2%
???
12.5%
???
10.4%
???
4.2%
Worst kindergarten teacher ever...
???
4.2%
???
2.1%
???
4.2%
???
14.6%
Describe your last bathroom break in a movie title.
???
4.2%
???
10.4%
???
4.2%
???
6.3%
Things to say that will always start an argument...
???
2.1%
???
0%
???
10.4%
???
10.4%
An NFL coach talking to his touchdown scoring player.
???
0%
???
4.2%
???
8.3%
???
10.4%
Quiz Playlist
Details
Report
Send in Message
Add To Playlist
Multiple Choice:
Click on answers out of a set of options
Forced Order:
Questions have to be entered in order without skipping
Random Order:
Randomize order of answers
Last Updated: Mar 19, 2018
Quiz Scoreboard
CHALLENGE
Sign Up to Join the Scoreboard
Show All
Scores
Hide
Comments
May contain spoilers
Recently Published
1-10 Letter E Words III
by El_Dandy
Language
2m
Street Fighter Characters
by Artimus82
Gaming
60s
College Basketball Coaching Resumes
by pancakes188
Sports
9m
More to Explore
Quiz From the Vault
Featured Blog Post
Where Did the Easter Bunny Come From?
hide this ad
You Might Also Like...
Tags
Movie Titles Quiz
bike
Comedy
cool
Film Director
four
Funny
girlfriend
record
Teenager
Touchdown
Today's Top Quizzes in Just For Fun
Browse Just For Fun
hide this ad
Today's Top Quizzes in Movie Titles
Browse Movie Titles
Top Contributed Quizzes in Just For Fun
1
Name Just One - 10 to 1: Just For Fun
2
Killer Double Trees 224 - Colour Match-Up
3
Spring Typing Challenge
4
Crossword Whiteout! 49
5
Zeroing In: Just For Fun
6
Survivor Winners Logic Puzzle
7
Word Ladder: Ahoy Matey
8
Word Ladder: Wilderness Weapon
9
Kyle's 122nd Triple Trees
10
Clickable Animal Jokes #2
Explore More
Trending Topics
NBA
Harry Potter
Crossword
Marvel
Anime
Disney
Kpop
Puzzle
WWE
The Office
Soccer
Pokémon
NFL
Country
Song
hide this ad
More By:
marmagold
Quiz
Plays
Rating
Category
Featured
Created
Badly Drawn NHL Logos (Map)
3,333
4.07
Sports
Mar 18, 2018
Real Or Fake Flags
1,450
1.86
Geography
Jul 1, 2017
Flag Semaphore Signals
1,236
2.00
Language
Mar 1, 2017
Badly Drawn MLB Logos
658
1.80
Sports
Apr 20, 2018
Smash Mouth's 'All Star' Minefield
360
3.50
Just For Fun
May 7, 2017
Go to Creator's Profile
Score Distribution
Quiz Creator Spotlight
marmagold
Follow
Send a Message
Quizzes Created
-
Created Quiz Play Count
-
More By This Creator
Popular Quizzes Today
1
Find the US States - No Outlines Minefield
2
Find the Countries of Europe - No Outlines Minefield
3
The Countries of the World
4
Find the US States
5
Risky Map Clicking: Biggest States A-Z
6
US States
7
Popular People in 1961
8
Movies - When Are They Set?
More Just For Fun Quizzes
Get the Picture: Where's 'P' in the World?
Published
Trending Quizzes
Risky Map Clicking: Least Populous States A-Z
Billboard Blitz: Aretha Franklin
1-10 Letter G Words
Countries of the World: 200 Million BC
1-10 Letter F Words
Recently Updated
Leaping Animals
pecheneg
Reality TV Shows (A-Z)
bhenderson79
Rickey Henderson's Hall of Fame Teammates
pecheneg
Champions League XIs: Arsenal
pecheneg
Quick Pick: Celebrities in WWE's Hall of Fame
aduchscher
A-Z Keypad Blitz II
pecheneg
Multiple Oscar Actors
pecheneg
Mystery Phrase Blitz: Oscar 'Best Actors'
pecheneg
F. Scott Fitzgerald Novels
LTH
Pick 3 Villains
ddd62291
Trending Topics
Crossword
NBA
Kpop
Anime
Disney
Marvel
Harry Potter
Soccer
Pokémon
The Office
Country
Puzzle
Song
WWE
NFL
Your Account Isn't Verified!
In order to create a playlist on Sporcle, you need to verify the email address you used during registration. Go to your
Sporcle Settings
to finish the process.
Report this User
Report this user for behavior that violates our
Community Guidelines
.
Details:
Send Report
Go to the Sporcle.com Mobile Site →
Comments